000 00595nam a22001697a 4500
003 OSt
005 20171010095518.0
008 120815t xxu||||| |||| 00| 0 eng d
040 _aMMSU
_cULS
100 _aFranco, Evelyn A.
_912179
245 _aConcerns of residents near municipal dumpsites in selected towns of Ilocos Norte
_cEvelyn A. Franco
260 _c2000
300 _axvii, 145 leaves
_c28 cm.
500 _aThesis (MA Nursing-Medical Surgical Nursing) -- Mariano Marcos State University-Graduate School, Laoag City
504 _aBibliography: leaves 118-120
942 _2ddc
_cTHEDIS
999 _c9748
_d9748